[Event "Politiken Cup"]
[Site "Copenhagen"]
[Date "2006.07.29"]
[Round "8.93"]
[White "Helin, Mikael"]
[Black "Christensen, Emilie Ellegaard"]
[Result "1-0"]
[WhiteElo "1964"]
[BlackElo "1509"]
[PlyCount "93"]
[EventDate "2006.??.??"]

1. e4 g6 2. Nc3 Bg7 3. g3 d6 4. Bg2 c5 5. d3 Nc6 6. Nge2 a6 7. O-O e6 8. f4
Nge7 9. f5 exf5 10. Be3 O-O 11. Qd2 Re8 12. Bg5 Qc7 13. exf5 Bxf5 14. Rxf5 gxf5
15. Nf4 f6 16. Ne6 Qd7 17. Nxg7 Kxg7 18. Bxf6+ Kxf6 19. Qh6+ Ng6 20. Nd5+ Ke6
21. c3 Rh8 22. Re1+ Nce5 23. d4 cxd4 24. cxd4 Rab8 25. h4 b5 26. h5 Qa7 27. Kh1
Qxd4 28. Qg7 Qc5 29. Nc7+ Qxc7 30. Qxc7 Ne7 31. Rd1 Rhd8 32. Qc1 Ng4 33. Re1+
Kf6 34. Qc7 Ne5 35. g4 Rbc8 36. Qb6 Nxg4 37. Rd1 Kf7 38. Qd4 Rc2 39. Rf1 Rdc8
40. Bd5+ Nxd5 41. Qxd5+ Ke7 42. Qxf5 Ne5 43. Qxh7+ Ke6 44. Rd1 d5 45. Re1 d4
46. Qg6+ Kd5 47. Qe4+ 1-0

[Event "Politiken Cup"]
[Site "Copenhagen"]
[Date "2006.07.29"]
[Round "8.94"]
[White "Hinman, Chris"]
[Black "Marshall, Michael"]
[Result "0-1"]
[WhiteElo "1343"]
[BlackElo "1961"]
[PlyCount "70"]
[EventDate "2006.??.??"]

1. c4 Nf6 2. g3 e6 3. Bg2 d5 4. cxd5 exd5 5. d4 Be7 6. Nf3 O-O 7. O-O c6 8. a4
Re8 9. b3 a5 10. Ba3 Bxa3 11. Nxa3 Qe7 12. e3 Ne4 13. Nc2 Bg4 14. h3 Bf5 15. g4
Bc8 16. Qe1 Nd7 17. Nd2 f5 18. f3 Nd6 19. Qe2 Nf6 20. Rae1 g5 21. Qd3 h5 22.
Rf2 hxg4 23. fxg4 Nde4 24. Nxe4 fxe4 25. Qd1 Kg7 26. Ref1 Rf8 27. Qd2 Qd6 28.
Qe1 b6 29. b4 Ba6 30. b5 cxb5 31. Qd2 bxa4 32. Ra1 Qg3 33. Na3 Rh8 34. Rf5 Rxh3
35. Qf2 Qh2# 0-1

[Event "Politiken Cup"]
[Site "Copenhagen"]
[Date "2006.07.29"]
[Round "8.95"]
[White "Tjensvoll, Tore"]
[Black "Bøje, Tobias R"]
[Result "1/2-1/2"]
[WhiteElo "1961"]
[BlackElo "1469"]
[PlyCount "85"]
[EventDate "2006.??.??"]

1. e4 e5 2. Nf3 Nc6 3. Bc4 Nf6 4. d3 Be7 5. O-O d6 6. c3 O-O 7. Bb3 Bg4 8. Nbd2
Nd7 9. h3 Bh5 10. Nc4 Kh8 11. Ne3 Nc5 12. Bc2 Ne6 13. g4 Bg6 14. Nd5 Rc8 15.
Kg2 Qd7 16. Nh2 Ncd8 17. f4 exf4 18. Nxf4 Nxf4+ 19. Bxf4 Ne6 20. Bg3 Rcd8 21.
Nf3 Bf6 22. Nh4 Bxh4 23. Bxh4 f6 24. Qe2 Rde8 25. Qf2 a6 26. Qf3 h6 27. Rae1
Kh7 28. Rf2 Ng5 29. Bxg5 hxg5 30. Rh1 Rh8 31. Bb3 Bf7 32. Bxf7 Qxf7 33. h4 gxh4
34. Rxh4+ Kg8 35. Rxh8+ Kxh8 36. Kf1 Kg8 37. g5 Rf8 38. gxf6 Qxf6 39. Qxf6 gxf6
40. Ke2 Kf7 41. Ke3 Rh8 42. d4 Ke7 43. a3 1/2-1/2

[Event "Politiken Cup"]
[Site "Copenhagen"]
[Date "2006.07.29"]
[Round "8.96"]
[White "Pieri, Enzo"]
[Black "Almasy, Alexander Christian"]
[Result "1/2-1/2"]
[WhiteElo "1940"]
[BlackElo "1426"]
[PlyCount "81"]
[EventDate "2006.??.??"]

1. e4 c5 2. Nf3 d6 3. d4 cxd4 4. Nxd4 Nf6 5. Nc3 g6 6. Be2 Bg7 7. O-O O-O 8.
Kh1 Nc6 9. Be3 Bd7 10. f4 a6 11. a3 Rc8 12. Rc1 b5 13. Bf3 Na5 14. Rb1 Nc4 15.
Bf2 Nxa3 16. Ra1 Nc4 17. Rxa6 Nxb2 18. Qa1 Rxc3 19. Qxb2 Qc7 20. Nxb5 Bxb5 21.
Qxb5 Rxc2 22. Ra7 Qd8 23. e5 Ne8 24. Rd7 Rb2 25. Rxd8 Rxb5 26. Bc6 Rb4 27. Rxe8
Rxe8 28. Bxe8 Rb8 29. Bd7 dxe5 30. fxe5 Bxe5 31. Re1 Bd6 32. g3 g5 33. Kg2 Kg7
34. Bd4+ Kg6 35. g4 h5 36. Bf5+ Kh6 37. gxh5 Kxh5 38. Re3 g4 39. Re4 Rg8 40.
Bh7 Rg5 41. Re3 1/2-1/2

[Event "Politiken Cup"]
[Site "Copenhagen"]
[Date "2006.07.29"]
[Round "8.97"]
[White "Haugstad, Espen"]
[Black "Karstensen, Christian"]
[Result "1-0"]
[WhiteElo "2046"]
[BlackElo "1741"]
[PlyCount "85"]
[EventDate "2006.??.??"]

1. e4 c5 2. Nf3 Nc6 3. d4 cxd4 4. Nxd4 e5 5. Nb5 d6 6. N1c3 a6 7. Na3 Be6 8.
Nd5 Nf6 9. Bg5 Bxd5 10. Qxd5 Nxd5 11. Bxd8 Rxd8 12. exd5 Ne7 13. c4 g6 14. Nc2
Bh6 15. h4 f5 16. h5 Rc8 17. Ne3 Bxe3 18. fxe3 g5 19. h6 Rg8 20. g4 Rc7 21. Kd2
f4 22. Bd3 Ng6 23. Rh5 Nh4 24. exf4 exf4 25. Re1+ Kd8 26. Re6 Rd7 27. Be4 Kc7
28. Ke2 b5 29. c5 dxc5 30. Rxa6 Re8 31. Re6 Rxe6 32. dxe6 Rd4 33. Bxh7 f3+ 34.
Ke1 Rxg4 35. Bd3 Rg1+ 36. Kf2 Rg2+ 37. Kf1 c4 38. h7 cxd3 39. h8=Q d2 40. Qe5+
Kb6 41. Qd4+ Kc6 42. e7 Re2 43. Rh6+ 1-0

[Event "Politiken Cup"]
[Site "Copenhagen"]
[Date "2006.07.29"]
[Round "8.99"]
[White "Ontiveros, John"]
[Black "Sjol, Henrik"]
[Result "0-1"]
[WhiteElo "1560"]
[BlackElo "1966"]
[PlyCount "80"]
[EventDate "2006.??.??"]

1. d4 Nf6 2. c4 e6 3. Nc3 d5 4. Bg5 c6 5. Nf3 Nbd7 6. e3 Be7 7. Bd3 dxc4 8.
Bxc4 b5 9. Be2 Bb7 10. Rc1 Rc8 11. O-O a6 12. a3 c5 13. dxc5 Rxc5 14. b4 Rc8
15. Nd4 O-O 16. Bf3 Bxf3 17. Qxf3 Qb6 18. Ne4 Nxe4 19. Bxe7 Nd2 20. Qh5 Nxf1
21. Rxc8 Rxc8 22. Kxf1 Qc7 23. g3 Qc1+ 24. Kg2 Qxa3 25. Qg4 Qa2 26. h4 Qd5+ 27.
f3 Qa2+ 28. Kh3 Qb1 29. Qg5 Qg6 30. Qxg6 hxg6 31. h5 gxh5 32. Kh4 Nf6 33. e4
Rc4 34. Ne2 Nd5 35. Bd6 Nxb4 36. Kxh5 a5 37. g4 a4 38. g5 a3 39. g6 f6 40. Nf4
a2 0-1

[Event "Politiken Cup"]
[Site "Copenhagen"]
[Date "2006.07.29"]
[Round "8.100"]
[White "Eliassen, Erik"]
[Black "Ulvnes, Roar"]
[Result "0-1"]
[WhiteElo "1956"]
[BlackElo "1659"]
[PlyCount "60"]
[EventDate "2006.??.??"]

1. e4 c5 2. Nf3 d6 3. d4 cxd4 4. Nxd4 Nf6 5. Nc3 g6 6. Be3 Bg7 7. f3 O-O 8. Qd2
Nc6 9. Bc4 Bd7 10. O-O-O Rc8 11. Bb3 Nxd4 12. Bxd4 b5 13. Bxa7 b4 14. Ne2 Qa5
15. Bd4 Ba4 16. Qd3 Bb5 17. Qe3 e5 18. Bb6 Qa6 19. Rxd6 Bxe2 20. Bc5 Qb5 21.
Rxf6 Rxc5 22. Rd6 Rfc8 23. Rd2 Bc4 24. Bxc4 Rxc4 25. Kb1 Rd4 26. Rhd1 Qc4 27.
Rh1 Ra8 28. b3 Qa6 29. c4 Rxd2 30. Qxd2 Bh6 0-1

[Event "Politiken Cup"]
[Site "Copenhagen"]
[Date "2006.07.29"]
[Round "8.101"]
[White "Andersen, Daniel"]
[Black "Nielsen, Martin Skovsø"]
[Result "1/2-1/2"]
[WhiteElo "1908"]
[BlackElo "1650"]
[PlyCount "126"]
[EventDate "2006.??.??"]

1. c4 e5 2. g3 Nf6 3. Bg2 Nc6 4. Nc3 d6 5. e3 Be7 6. Nge2 Rb8 7. O-O O-O 8. d4
exd4 9. Nxd4 Ne5 10. b3 Re8 11. Bb2 Bd7 12. Rc1 Bf8 13. h3 h6 14. Kh2 Ng6 15.
Nd5 c6 16. Nxf6+ Qxf6 17. Qd2 Qe7 18. Rcd1 Rbd8 19. Ba3 Bc8 20. e4 Qc7 21. Rfe1
Nh4 22. Bh1 Qd7 23. gxh4 Qxh3+ 24. Kg1 Qxh4 25. Qd3 Re5 26. Re3 Rh5 27. Bg2 Re8
28. Nf3 Qf4 29. Bxd6 Bxd6 30. Qxd6 Qg4 31. Qg3 Qxg3 32. fxg3 Bg4 33. Rde1 f6
34. Nd4 Rhe5 35. Bf3 Bd7 36. Kf2 Kf7 37. Nf5 Kf8 38. Nd6 Rb8 39. Rd1 Be6 40. g4
c5 41. Nb5 b6 42. Nc7 Bf7 43. Rd7 Re7 44. Rxe7 Kxe7 45. Rd3 Be6 46. Nxe6 Kxe6
47. Rd5 g5 48. Ke3 Rb7 49. e5 f5 50. gxf5+ Kxf5 51. Be4+ Ke6 52. Rd6+ Kxe5 53.
Rxh6 Rg7 54. Rg6 Rxg6 55. Bxg6 a5 56. Kd3 Kf4 57. Be4 g4 58. Bd5 Kf5 59. Kc3
Ke5 60. Bg2 Kf4 61. a3 Ke3 62. b4 a4 63. bxc5 bxc5 1/2-1/2

[Event "Politiken Cup"]
[Site "Copenhagen"]
[Date "2006.07.29"]
[Round "8.102"]
[White "Rasmussen, Henning"]
[Black "Christensen, Svend Ib"]
[Result "1-0"]
[WhiteElo "1927"]
[BlackElo "1636"]
[PlyCount "41"]
[EventDate "2006.??.??"]

1. e4 c5 2. Nf3 d6 3. d4 cxd4 4. Nxd4 Nf6 5. Nc3 a6 6. Be2 g6 7. O-O Bg7 8. Kh1
O-O 9. f4 Nbd7 10. Be3 Ne8 11. f5 Ne5 12. fxg6 fxg6 13. Rxf8+ Bxf8 14. Nf3 Nxf3
15. Bc4+ e6 16. Qxf3 Qf6 17. Qg3 Qg7 18. Rf1 b5 19. Bb3 Bd7 20. Nd5 Nc7 21.
Nxc7 1-0

[Event "Politiken Cup"]
[Site "Copenhagen"]
[Date "2006.07.29"]
[Round "8.104"]
[White "Jørgensen, Morten"]
[Black "Andersen, Harry"]
[Result "0-1"]
[WhiteElo "1473"]
[BlackElo "1891"]
[PlyCount "76"]
[EventDate "2006.??.??"]

1. d4 Nf6 2. c4 g6 3. Nc3 d5 4. Nf3 Bg7 5. Bf4 O-O 6. e3 c6 7. Bd3 Na6 8. Qa4
dxc4 9. Qxc4 Be6 10. Qa4 Nc5 11. Qc2 Nxd3+ 12. Qxd3 c5 13. Ne5 Rc8 14. b3 Nh5
15. Rd1 Nxf4 16. exf4 Qb6 17. O-O Rfd8 18. Qe3 Rd6 19. Ne4 Rd5 20. Nc3 Rdd8 21.
Ne4 a5 22. Nxc5 Bf5 23. Rfe1 Rd5 24. h3 Rcd8 25. g4 Bc8 26. Nf3 Qc7 27. Ne5 f5
28. g5 Qd6 29. Nf3 e6 30. Kg2 Bxd4 31. Nxd4 Qxc5 32. Nxe6 Qxe3 33. Nxd8 Qxf4
34. Re8+ Kg7 35. Re7+ Kf8 36. Rf7+ Ke8 37. Re1+ Kxd8 38. Rf8+ Kc7 0-1

[Event "Politiken Cup"]
[Site "Copenhagen"]
[Date "2006.07.29"]
[Round "8.105"]
[White "Reppen, Ellisiv"]
[Black "Harders, Poul Erik"]
[Result "1-0"]
[WhiteElo "1890"]
[BlackElo "1585"]
[PlyCount "125"]
[EventDate "2006.??.??"]

1. e4 c5 2. Nf3 d6 3. d4 cxd4 4. Nxd4 e6 5. Nc3 Nf6 6. Be3 Be7 7. Bd3 Nc6 8.
Nxc6 bxc6 9. O-O e5 10. h3 O-O 11. Qe2 d5 12. exd5 cxd5 13. Bg5 h6 14. Bh4 e4
15. Bb5 Be6 16. Rad1 Qc7 17. Bxf6 Bxf6 18. Nxd5 Bxd5 19. Rxd5 Bxb2 20. Qxe4
Rad8 21. Bd3 g6 22. Rb5 Rb8 23. Rxb8 Rxb8 24. Bc4 Bg7 25. Bb3 Rd8 26. Qxg6 Rd6
27. Qg3 Qe7 28. Qg4 Rf6 29. Rd1 Kh7 30. Qd7 Qe2 31. Qd3+ Qxd3 32. Rxd3 Kg6 33.
Bd5 Rf4 34. g3 Rb4 35. Bb3 Rb7 36. Kg2 Bf8 37. f4 Rc7 38. Kf3 f6 39. g4 Be7 40.
c3 Bc5 41. Be6 Bb6 42. Bf5+ Kf7 43. Rd7+ Rxd7 44. Bxd7 Ba5 45. c4 Be1 46. Ke4
Ke7 47. Bb5 Bf2 48. a4 Ke6 49. Ba6 Ke7 50. Kd5 Bg3 51. Ke4 Bf2 52. Kf5 Be3 53.
h4 Bf2 54. g5 fxg5 55. fxg5 Bxh4 56. gxh6 Kf7 57. c5 Bf2 58. c6 Bg3 59. Bc4+
Kf8 60. h7 Kg7 61. Bg8 Bc7 62. Ke6 a5 63. Kd7 1-0

[Event "Politiken Cup"]
[Site "Copenhagen"]
[Date "2006.07.29"]
[Round "8.106"]
[White "Ovesen, Karsten"]
[Black "Lindström, Per-Ove"]
[Result "0-1"]
[WhiteElo "1407"]
[BlackElo "1858"]
[PlyCount "64"]
[EventDate "2006.??.??"]

1. d4 Nf6 2. Nf3 g6 3. Bg5 Bg7 4. e3 O-O 5. Bd3 c5 6. c3 cxd4 7. cxd4 Qb6 8.
Qc2 Nc6 9. a3 d6 10. Nbd2 Be6 11. b4 Rac8 12. Qb2 h6 13. Bh4 Bg4 14. O-O Rfe8
15. h3 Bxf3 16. Nxf3 e5 17. d5 Ne7 18. Bxf6 Bxf6 19. e4 Bg7 20. Qb3 f5 21. Rac1
Kh8 22. Nh4 Bf6 23. Nf3 Rf8 24. Rc4 Rxc4 25. Qxc4 Rc8 26. Qb3 Qc7 27. Rb1 Qc3
28. a4 Kg7 29. Ne1 fxe4 30. Bxe4 Qd4 31. Qd3 Rc4 32. Nf3 Qxe4 0-1

[Event "Politiken Cup"]
[Site "Copenhagen"]
[Date "2006.07.29"]
[Round "8.107"]
[White "Jensen, Mads"]
[Black "Steinskog, Asbjørn Ottesen"]
[Result "1/2-1/2"]
[WhiteElo "1852"]
[BlackElo "1018"]
[PlyCount "102"]
[EventDate "2006.??.??"]

1. d4 Nf6 2. c4 e6 3. Nc3 d5 4. Bg5 Nbd7 5. Nf3 c6 6. e3 h6 7. Bh4 Qa5 8. Nd2
Bb4 9. Qc2 O-O 10. Be2 dxc4 11. Bxc4 Qh5 12. Bg3 Nd5 13. Bxd5 exd5 14. O-O f5
15. a3 Be7 16. Nf3 Nf6 17. h3 Ne4 18. Bh2 Rf6 19. Ne5 Bd6 20. Qd1 Qe8 21. Nf3
f4 22. Ne5 Bxe5 23. Nxe4 dxe4 24. dxe5 Rg6 25. exf4 Bxh3 26. Qb3+ Qe6 27. Qxe6+
Bxe6 28. f3 Bh3 29. Rf2 exf3 30. Rxf3 Bxg2 31. Rg3 Be4 32. Rxg6 Bxg6 33. Rd1
Bf5 34. Rd6 Kf7 35. Bg3 Rc8 36. Kf2 Rc7 37. Ke3 Rd7 38. Rxd7+ Bxd7 39. Ke4 g6
40. Bh4 Bf5+ 41. Kd4 b6 42. a4 a5 43. Bd8 Bc2 44. Bxb6 Bxa4 45. Bxa5 h5 46. Bd8
Ke6 47. Kc4 Bb5+ 48. Kc5 Ba4 49. Bg5 Kd7 50. Kb6 Ke6 51. Kc7 c5 1/2-1/2

[Event "Politiken Cup"]
[Site "Copenhagen"]
[Date "2006.07.29"]
[Round "8.108"]
[White "Forsmann, Henning"]
[Black "Thingstad, Anders"]
[Result "1-0"]
[WhiteElo "1828"]
[BlackElo "1301"]
[PlyCount "115"]
[EventDate "2006.??.??"]

1. Nf3 Nf6 2. c4 c5 3. g3 d5 4. cxd5 Nxd5 5. Bg2 Nc7 6. O-O Nc6 7. Nc3 e5 8. d3
Be7 9. Ne4 O-O 10. Bg5 f6 11. Bd2 Rb8 12. Rc1 b6 13. a3 Nd4 14. Nxd4 cxd4 15.
f4 Ne6 16. Qb3 Kh8 17. f5 Nc5 18. Nxc5 Bxc5 19. Rxc5 Be6 20. Qxe6 bxc5 21. b4
cxb4 22. Bxb4 Re8 23. Qd5 Qxd5 24. Bxd5 Rec8 25. Bc4 Re8 26. Kf2 g6 27. fxg6
hxg6 28. Bf7 Rec8 29. Bxg6 Rc2 30. Kf3 Kg7 31. Bf5 Rb5 32. g4 a5 33. Be1 Ra2
34. Rg1 Rxa3 35. Bh4 Ra2 36. g5 fxg5 37. Bxg5 Kf7 38. h4 a4 39. h5 a3 40. Bg6+
Kg7 41. Be4 Rbb2 42. Bc1+ Kf6 43. Rg6+ Ke7 44. Bxb2 axb2 45. Rb6 Ra1 46. Rxb2
Rh1 47. Bg6 Kf6 48. Rb6+ Kg5 49. Be8 Rh3+ 50. Ke4 Re3+ 51. Kd5 Rxe2 52. Re6 Rd2
53. Rxe5+ Kh6 54. Kxd4 Ra2 55. Re6+ Kh7 56. Bg6+ Kh8 57. h6 Ra8 58. Re8+ 1-0

[Event "Politiken Cup"]
[Site "Copenhagen"]
[Date "2006.07.29"]
[Round "8.109"]
[White "Jensen, Jan Erik"]
[Black "Masters, Andrew D"]
[Result "0-1"]
[WhiteElo "1304"]
[BlackElo "1764"]
[PlyCount "112"]
[EventDate "2006.??.??"]

1. e4 e5 2. Nf3 Nc6 3. b3 Bc5 4. Bb2 d6 5. Bb5 Nf6 6. Bxc6+ bxc6 7. Nc3 O-O 8.
d3 a5 9. a4 Re8 10. O-O d5 11. exd5 cxd5 12. d4 exd4 13. Nxd4 Ba6 14. Nf3 Bxf1
15. Qxf1 Ng4 16. Nd1 c6 17. h3 Nf6 18. Qd3 Ne4 19. Nd4 Qd7 20. Ne3 Bd6 21. Ndf5
Be5 22. Bxe5 Rxe5 23. Nd4 g6 24. Nf3 Re6 25. Ng4 f5 26. Ne3 Rae8 27. Nd4 Nxf2
28. Kxf2 Rxe3 29. Qd2 c5 30. Nf3 Qe6 31. Ng1 Qe5 32. Rd1 Qg3+ 33. Kf1 d4 34.
Qf2 Qxf2+ 35. Kxf2 Kf7 36. Kf1 Kf6 37. Nf3 Re2 38. Rc1 g5 39. Ne1 R2e4 40. Nd3
Rc8 41. Kg1 c4 42. bxc4 Rxc4 43. Nb2 Rb4 44. Nd3 Re8 45. Nxb4 axb4 46. Rb1 Rb8
47. a5 Ke5 48. a6 Ra8 49. Rxb4 Rxa6 50. Rb5+ Ke4 51. Kf2 Ra2 52. Rc5 d3 53. Ke1
Rxc2 54. Rb5 Rxg2 55. Rb4+ Ke3 56. Kf1 Rh2 0-1

[Event "Politiken Cup"]
[Site "Copenhagen"]
[Date "2006.07.29"]
[Round "8.110"]
[White "Hayes, Stuart"]
[Black "Eiholt, Bjarne"]
[Result "1-0"]
[WhiteElo "2039"]
[BlackElo "1650"]
[PlyCount "55"]
[EventDate "2006.??.??"]

1. e4 c6 2. d4 d5 3. exd5 cxd5 4. c4 Nf6 5. Nc3 e6 6. Nf3 Bb4 7. Bg5 O-O 8. a3
Be7 9. Bd3 a6 10. c5 Bd7 11. O-O Bc6 12. b4 Ne4 13. Bxe7 Qxe7 14. Qc2 f5 15. a4
Be8 16. b5 Nd7 17. bxa6 bxa6 18. Rfb1 Nb8 19. Rb6 Bc6 20. Ne5 Qe8 21. a5 Nd7
22. Nxd7 Qxd7 23. Bxa6 e5 24. Nxe4 dxe4 25. dxe5 Rfd8 26. e6 Qd4 27. Rc1 e3 28.
Rxc6 1-0

[Event "Politiken Cup"]
[Site "Copenhagen"]
[Date "2006.07.29"]
[Round "8.111"]
[White "Harestad.Ove Henning"]
[Black "Muratet Casadevall, Elias"]
[Result "1-0"]
[WhiteElo "1590"]
[BlackElo "1978"]
[PlyCount "79"]
[EventDate "2006.??.??"]

1. d4 Nf6 2. Nf3 d6 3. c4 g6 4. Nc3 Bg7 5. e4 O-O 6. Be2 b6 7. O-O Bb7 8. d5 c6
9. Bg5 cxd5 10. cxd5 Nbd7 11. Rc1 Rc8 12. Nd2 a6 13. f4 b5 14. Bf3 Nc5 15. Nb3
b4 16. Nxc5 dxc5 17. Na4 c4 18. Bxf6 Bxf6 19. e5 Bg7 20. Qd4 f6 21. Rxc4 fxe5
22. fxe5 Rxc4 23. Qxc4 Kh8 24. e6 a5 25. b3 Qd6 26. Rc1 Be5 27. Qh4 Bxd5 28.
Rd1 g5 29. Qxg5 Qxe6 30. Bxd5 Bd4+ 31. Kh1 Qe2 32. Qc1 e5 33. Bc4 Qxa2 34. Rf1
Rc8 35. Qg5 e4 36. Nb6 Re8 37. Qh5 Rd8 38. Rd1 Qb2 39. Nd5 Rg8 40. Nf4 1-0

[Event "Politiken Cup"]
[Site "Copenhagen"]
[Date "2006.07.29"]
[Round "8.112"]
[White "Marcussen, Johnni A"]
[Black "Traerup, Jorgen"]
[Result "1-0"]
[WhiteElo "1563"]
[BlackElo "1855"]
[PlyCount "103"]
[EventDate "2006.??.??"]

1. e4 c5 2. c3 e6 3. Bd3 Nc6 4. Bc2 Nf6 5. d3 h6 6. Nf3 e5 7. Be3 Ng4 8. O-O d6
9. h3 Nxe3 10. fxe3 Be7 11. d4 O-O 12. Na3 a6 13. Bb3 Bd7 14. dxe5 dxe5 15. Bd5
Bf6 16. Qc2 b5 17. Rad1 Qc8 18. Rd2 Rb8 19. Rfd1 Be6 20. Bxe6 Qxe6 21. Rd6 Qc8
22. Qf2 Rd8 23. Rxd8+ Nxd8 24. Qg3 Qe6 25. Rd5 b4 26. Nc4 bxc3 27. bxc3 Rb1+
28. Kh2 Nb7 29. Nfxe5 Bxe5 30. Qxe5 Qxe5+ 31. Nxe5 f6 32. Nd7 Rb5 33. a4 Ra5
34. Nb6 c4 35. Kg3 Rxd5 36. exd5 Nd6 37. Kf3 g6 38. Nd7 Kf7 39. Nb8 a5 40. Nc6
Nb7 41. e4 Ke8 42. Ke3 Nc5 43. Nxa5 Nxa4 44. Kd4 Kd7 45. Nxc4 h5 46. e5 f5 47.
e6+ Ke7 48. Ke5 Nxc3 49. d6+ Kd8 50. e7+ Kd7 51. Nb6+ Ke8 52. Ke6 1-0

[Event "Politiken Cup"]
[Site "Copenhagen"]
[Date "2006.07.29"]
[Round "8.113"]
[White "Christensen, Verner"]
[Black "Christensen, Simon Ellegaard"]
[Result "1-0"]
[WhiteElo "1846"]
[BlackElo "1480"]
[PlyCount "93"]
[EventDate "2006.??.??"]

1. e4 e6 2. d4 d5 3. Nc3 Nf6 4. e5 Nfd7 5. f4 c5 6. Be3 Nc6 7. Nf3 Qb6 8. Na4
Qb4+ 9. c3 Qa5 10. dxc5 Qc7 11. b4 Be7 12. Bd3 O-O 13. Nd4 Nxd4 14. cxd4 Nb8
15. b5 a6 16. b6 Qd8 17. O-O Nc6 18. a3 Bd7 19. Nc3 f6 20. Qc2 f5 21. Kh1 Kh8
22. Rg1 Rg8 23. g4 g6 24. Rg2 Qf8 25. Rag1 Qf7 26. Be2 Raf8 27. Qd1 Qe8 28. Bf3
Na5 29. Na2 Nc4 30. Bc1 Bc8 31. Nb4 Qb5 32. gxf5 gxf5 33. Rxg8+ Rxg8 34. Rxg8+
Kxg8 35. Nxd5 exd5 36. Bxd5+ Kh8 37. Qg1 Qe8 38. Bxc4 Bd7 39. d5 Qf8 40. Bb2
Be8 41. e6+ Bf6 42. Qa1 Kg7 43. Bxf6+ Qxf6 44. Qxf6+ Kxf6 45. Bxa6 Ke7 46. Bxb7
Kd8 47. c6 1-0

[Event "Politiken Cup"]
[Site "Copenhagen"]
[Date "2006.07.29"]
[Round "8.114"]
[White "Jorgensen, Orla Eilegaard"]
[Black "Wiggen, Frode"]
[Result "0-1"]
[WhiteElo "1771"]
[BlackElo "1390"]
[PlyCount "58"]
[EventDate "2006.??.??"]

1. f4 Nf6 2. Nf3 c5 3. b3 g6 4. Bb2 Bg7 5. g4 d5 6. g5 Nh5 7. Bxg7 Nxg7 8. e3
Nc6 9. d3 Bf5 10. Nbd2 Qa5 11. Nh4 Bd7 12. Bg2 e6 13. a3 h6 14. Nhf3 hxg5 15.
Nxg5 f6 16. Ngf3 O-O-O 17. b4 cxb4 18. axb4 Qb6 19. d4 Nf5 20. Qe2 Nxb4 21. Kf2
Qd6 22. Rxa7 Na6 23. Rb1 Bc6 24. Rxa6 bxa6 25. Qxa6+ Kd7 26. Qa7+ Qc7 27. Qa6
Rb8 28. Rxb8 Rxb8 29. c4 Ra8 0-1

[Event "Politiken Cup"]
[Site "Copenhagen"]
[Date "2006.07.29"]
[Round "8.115"]
[White "Christensen, Casper"]
[Black "Lavresen, Frands Winther"]
[Result "0-1"]
[WhiteElo "1252"]
[BlackElo "1764"]
[PlyCount "102"]
[EventDate "2006.??.??"]

1. d4 Nf6 2. c4 g6 3. Nc3 d5 4. e3 Bg7 5. Bd3 O-O 6. Nge2 a5 7. Bd2 Na6 8. a3
c5 9. cxd5 Nxd5 10. Nxd5 Qxd5 11. Nf4 Qd6 12. Bxa6 Rxa6 13. dxc5 Qxc5 14. Rc1
Qb5 15. b3 Bb2 16. a4 Qf5 17. Rc2 Ba3 18. O-O Rd8 19. Ra2 Bb4 20. Qe2 e5 21. e4
Qg4 22. Qxg4 Bxg4 23. Nd5 Bxd2 24. Rxd2 Kf8 25. Rb2 Be6 26. Nc7 Rc6 27. Nxe6+
Rxe6 28. Rc2 Rc6 29. Rxc6 bxc6 30. h3 Rd3 31. Rb1 Ke7 32. Kf1 Kd6 33. Ke2 Rd4
34. f3 Kc5 35. Rd1 Kb4 36. Rc1 Kxb3 37. Rxc6 Rxa4 38. Rc7 Rb4 39. Rxf7 a4 40.
Rxh7 a3 41. Ra7 a2 42. Rxa2 Kxa2 43. Kf2 Rb2+ 44. Kg3 Kb3 45. h4 Kc4 46. Kh3
Kd3 47. g3 Ke3 48. Kg4 Rg2 49. Kg5 Rxg3+ 50. Kf6 Kf4 51. Ke6 Rh3 0-1

[Event "Politiken Cup"]
[Site "Copenhagen"]
[Date "2006.07.29"]
[Round "8.116"]
[White "Bjarnasson, Larus H"]
[Black "Zyde, Furat"]
[Result "0-1"]
[WhiteElo "1670"]
[BlackElo "1200"]
[PlyCount "58"]
[EventDate "2006.??.??"]

1. f4 Nc6 2. e4 d6 3. Nf3 e5 4. d3 Bg4 5. c3 g6 6. h3 Be6 7. Be2 Bg7 8. Ng5 Qc8
9. Be3 Nge7 10. Nd2 f5 11. Qa4 O-O 12. O-O-O fxe4 13. fxe5 exd3 14. Bxd3 Nxe5
15. Bc2 Nd5 16. Bb3 Kh8 17. Qh4 h6 18. Bd4 Rf4 19. g4 Qd8 20. Rde1 Qxg5 21.
Qxg5 hxg5 22. h4 Nd3+ 23. Kc2 Nxe1+ 24. Rxe1 Bf7 25. hxg5 Rxg4 26. Ne4 Rh4 27.
Nf6 Bxf6 28. Bxf6+ Kg8 29. Rd1 Ne3+ 0-1

[Event "Politiken Cup"]
[Site "Copenhagen"]
[Date "2006.07.29"]
[Round "8.117"]
[White "Hyldkrog, Mikkel"]
[Black "Stangeland, Maren"]
[Result "1-0"]
[WhiteElo "1660"]
[BlackElo "1146"]
[PlyCount "91"]
[EventDate "2006.??.??"]

1. c4 f5 2. Nc3 Nf6 3. g3 g6 4. Bg2 Bg7 5. e3 O-O 6. Nge2 e5 7. d4 d6 8. O-O
Qe8 9. dxe5 dxe5 10. Nd5 Na6 11. b4 c6 12. Nxf6+ Bxf6 13. a3 Be6 14. Qc2 Qf7
15. c5 Nc7 16. Bb2 Rad8 17. Nc1 Rd7 18. Rd1 Rxd1+ 19. Qxd1 Rd8 20. Qc2 Qd7 21.
Nb3 Qf7 22. Na5 Ne8 23. Rd1 Rxd1+ 24. Qxd1 Bd5 25. Bxd5 cxd5 26. Qa1 Qc7 27. f4
d4 28. fxe5 Bxe5 29. exd4 Bxg3 30. Qa2+ Kf8 31. hxg3 Qxg3+ 32. Kf1 b6 33. Nc4
Nf6 34. Nd6 Qf3+ 35. Ke1 Nd5 36. a4 Kg7 37. Qc4 Qh1+ 38. Kd2 Qg2+ 39. Qe2 Qg5+
40. Kd1 Ne3+ 41. Kd2 Nd5+ 42. Kc2 Nxb4+ 43. Kb3 Nd5 44. Qe5+ Nf6 45. c6 Kf8 46.
c7 1-0

[Event "Politiken Cup"]
[Site "Copenhagen"]
[Date "2006.07.29"]
[Round "8.118"]
[White "Zyde, Fadmal"]
[Black "Nielsen, Bjørn"]
[Result "1-0"]
[WhiteElo "1652"]
[BlackElo "1090"]
[PlyCount "41"]
[EventDate "2006.??.??"]

1. e4 e5 2. Nf3 Nc6 3. Nc3 Nf6 4. Bc4 Be7 5. d4 exd4 6. Nxd4 O-O 7. O-O d6 8.
Nf5 Bxf5 9. exf5 d5 10. Nxd5 Nxd5 11. Bxd5 Bd6 12. Bxc6 bxc6 13. Qg4 Qf6 14.
Bg5 Qe5 15. f4 Qe3+ 16. Kh1 Rfe8 17. f6 Bf8 18. fxg7 Bxg7 19. Bf6 Qg3 20. Qxg3
Kf8 21. Qxg7# 1-0

[Event "Politiken Cup"]
[Site "Copenhagen"]
[Date "2006.07.29"]
[Round "8.119"]
[White "Muratet Esteban, Elias"]
[Black "Rasmussen, Bent"]
[Result "0-1"]
[WhiteElo "1790"]
[BlackElo "1646"]
[PlyCount "76"]
[EventDate "2006.??.??"]

1. e4 e5 2. Nf3 Nc6 3. d4 exd4 4. Nxd4 Nf6 5. Nxc6 bxc6 6. Bd3 Be7 7. O-O O-O
8. Nc3 d5 9. Bf4 d4 10. Ne2 c5 11. h3 Bb7 12. f3 Nh5 13. Bh2 Re8 14. c3 Bd6 15.
Bc4 Bxh2+ 16. Kxh2 Qd6+ 17. g3 Ba6 18. Bxa6 Qxa6 19. cxd4 cxd4 20. g4 Nf6 21.
Ng3 Qd6 22. Kg2 g6 23. Qd3 c5 24. Rac1 Rac8 25. Rc2 Re7 26. Rfc1 Rec7 27. Ne2
Ne8 28. a3 a5 29. Qb5 d3 30. Rd2 c4 31. Qxa5 Rc5 32. Qc3 Rb8 33. Nd4 h5 34.
gxh5 Rg5+ 35. Kf2 Qg3+ 36. Ke3 Nd6 37. Nc6 Re8 38. Qf6 Rxe4# 0-1

[Event "Politiken Cup"]
[Site "Copenhagen"]
[Date "2006.07.29"]
[Round "8.120"]
[White "Jensen, Frederik Jessin"]
[Black "Hausken, Morten"]
[Result "1-0"]
[WhiteElo "1317"]
[BlackElo "1400"]
[PlyCount "57"]
[EventDate "2006.??.??"]

1. d4 Nf6 2. Nf3 d5 3. Bf4 Nc6 4. e3 e6 5. c3 Bd6 6. Bg3 O-O 7. Bd3 Re8 8. Qc2
g6 9. Nbd2 e5 10. dxe5 Nxe5 11. Nxe5 Bxe5 12. O-O-O Ng4 13. Nf3 Bxg3 14. hxg3
c5 15. Rhf1 c4 16. Bxc4 Bf5 17. Bd3 Be4 18. Bxe4 Rxe4 19. Qb3 d4 20. Nxd4 b6
21. Nf5 Qf6 22. Nd6 Re6 23. Nb5 Nxf2 24. Qc2 Nxd1 25. Rxf6 Rxf6 26. Qxd1 a6 27.
Nc7 Rc8 28. Nd5 Rf2 29. Ne7+ 1-0

[Event "Politiken Cup"]
[Site "Copenhagen"]
[Date "2006.07.29"]
[Round "8.121"]
[White "Gade, Jens"]
[Black "Palvig, David Kinch"]
[Result "1-0"]
[WhiteElo "1395"]
[BlackElo "1238"]
[PlyCount "65"]
[EventDate "2006.??.??"]

1. f4 e5 2. fxe5 d6 3. exd6 Bxd6 4. Nf3 g5 5. g3 g4 6. Nh4 Ne7 7. d4 Ng6 8.
Nxg6 hxg6 9. Qd3 Nc6 10. c3 f5 11. Bg2 Bd7 12. Bf4 Bxf4 13. gxf4 Qh4+ 14. Qg3
O-O-O 15. Qxh4 Rxh4 16. Nd2 Rdh8 17. O-O-O Rxh2 18. Rxh2 Rxh2 19. Rg1 Ne7 20.
c4 Ng8 21. Nf1 Rh7 22. e4 Re7 23. e5 b6 24. Ne3 Kb8 25. Kc2 Bc8 26. Rh1 Rg7 27.
b4 Bb7 28. d5 Ne7 29. a4 g5 30. Rh8+ Rg8 31. Rxg8+ Nxg8 32. fxg5 f4 33. Nxg4
1-0